00802 2200313 4500001002100000005001500021035002000036007000300056040001700059100003000076245003500106250001000141300003100151020002200182041000800204082001000212084001600222090002400238264004200262336002100304337003000325338002300355650001400378850001000392008004100402990001500443990001500458990001500473INLIS00000000000963220260416013723 a0010-1222000237ta aSBPUPADbind0 aIrfan Firdauz;ePengarang1 aGolden Words /cIrfan Firdauz, aCet.1 a167 hlm, :bilus. ;c21 cm a978-979-97816-8-0 aind a153.8 a153.8 FIR g a153.8 WIR t L 2 R 2 aYogyakarta :bPustaka Larasati,c2010 2rdacontentateks 2rdamediaatanpa perantara 2rdacarrieravolume 4aMotivasi, aPUPAD260416 0  a870/B/2013 a871/B/2013 a871/B/2013